Pokémon - Les attaques de Milobellus - Statistiques

Statistiques générales
  • Ce quiz a été pris 25 fois
  • Le résultat moyen est 11 sur 19
Statistiques - réponses
Niveaux Types Noms des attaques % Correct
Niveau 52 Eau Hydrocanon
94%
Départ Normal Charge
88%
Niveau 12 Eau Anneau Hydro
82%
Départ Eau Pistolet à O
76%
Niveau 24 Dragon Draco-Queue
71%
Niveau 8 Dragon Ouragan
71%
Départ Évolution Eau Vibraqua
71%
Niveau 32 Eau Hydro-Queue
65%
Niveau 28 Normal Soin
65%
Départ Normal Trempette
65%
Niveau 40 Eau Surf
59%
Niveau 44 Eau Danse Pluie
53%
Niveau 48 Poison Enroulement
53%
Niveau 36 Normal Rune Protect
53%
Départ Normal Gigotage
47%
Niveau 4 Fée Voix Enjôleuse
41%
Niveau 20 Eau Fontaine de Vie
35%
Départ Normal Ligotage
24%
Niveau 16 Normal Attraction
12%
Aucun quiz correspondant
Distribution des résultats
% des personnes avec chaque résultat
Percentile par nombre de réponses
Votre historique - résultats
Vous n’avez pas pris ce quiz